000 01077nam0a22002771 4500
001 rc\4219779
005 20260407105524.0
021 _aRU
_b[64-98570]
035 _a(NLR Aleph) 008457920
090 _a7850639
_c7850639
100 _a20130416d1964 |||y0rusy50 ca
101 0 _arus
102 _aRU
105 _aa z |||||
200 1 _aАвтоматизация объектов ирригационных систем
_e[Сборник статей
_fОтв. ред. Э.Э. Маковский]
_gАкад. наук Кирг. ССР. Ин-т автоматики
210 _aФрунзе
_cИлим
_d1964
215 _a95 с.
_cил.
_d22
320 _aБиблиогр. в конце статей
606 _aОросительные системы
_xАвтоматизация
_jСборники
_2psbo
702 1 _aМаковский
_bЭ.Э.
_4340
712 0 2 _aИнститут автоматики
_cФрунзе
_3RU\NLR\AUTH\889937299
_9369389
801 0 _aRU
_bNLR
_gpsbo
801 1 _aRU
_bELAR
_2rusmarc
852 _aNLR
_j64-6/14561
942 _cBOOK
980 _aNB